000 00699cam a22002293a 4500
001 20103
003 PGUSA
005 20140828083427.0
008 061213s2006||||xxu|||||s|||||000 | eng d
040 _aPGUSA
_beng
042 _adc
050 4 _aDP
100 1 _aCastro, Urbano de,
_d1850-1902
245 1 2 _aA princeza na berlinda :
_bRattazzi a vol d'oiseau, com a biographia de sua Alteza
_h[electronic resource] /
_cUrbano de Castro
260 _bProject Gutenberg,
_c2006
506 _aPublic domain in the USA.
516 _aElectronic text
653 _aRattazzi, Marie, 1833-1902
830 0 _aProject Gutenberg
_v20103
856 4 0 _uhttp://www.gutenberg.org/ebooks/20103
942 _cEB
999 _c249358
_d249358